Loading...
Managing the developing organisation : tapping the spirit of Europe
| Main Author: | |
|---|---|
| Format: | Printed Book |
| Language: | Undetermined English |
| Published: |
Marsachusetts
Basisl Black well
1991
|
| Subjects: |
| LEADER | 00609nam a2200181Ia 4500 | ||
|---|---|---|---|
| 008 | 140306s9999 xx 000 0 und d | ||
| 020 | |a 0631170251 | ||
| 041 | |a eng | ||
| 082 | |a 658.406 |b LIE/MA | ||
| 100 | |a Lievegoed, Bernard | ||
| 245 | |a Managing the developing organisation : tapping the spirit of Europe | ||
| 260 | |a Marsachusetts |b Basisl Black well |c 1991 | ||
| 300 | |a 176 | ||
| 365 | |b UKP.16.95 | ||
| 650 | |a Developmental management | ||
| 942 | |2 ddc |c BK | ||
| 999 | |c 178874 |d 178874 | ||
| 952 | |0 0 |1 0 |2 ddc |4 0 |6 658_406000000000000_LIE_MA |7 0 |9 183928 |a KAUCBV |b KAUCBV |g 16.95 |o 658.406 LIE/MA |r 2014-03-22 |w 2014-03-22 |y BK | ||